KEPERCAYAAN ORANG MELAYU BERHUBUNG DENGAN PERTANIAN / (Record no. 183655)
[ view plain ]
| 000 -LEADER | |
|---|---|
| fixed length control field | 01441nam a2200481 i 4500 |
| 001 - CONTROL NUMBER | |
| control field | vtls000148362 |
| 003 - CONTROL NUMBER IDENTIFIER | |
| control field | PNM |
| 005 - DATE AND TIME OF LATEST TRANSACTION | |
| control field | 20210426124458.0 |
| 008 - FIXED-LENGTH DATA ELEMENTS--GENERAL INFORMATION | |
| fixed length control field | 920104t19901990my e b 000 0 may |
| 020 ## - INTERNATIONAL STANDARD BOOK NUMBER | |
| International Standard Book Number | 9836217258 |
| Qualifying information | paperback |
| 039 #9 - LEVEL OF BIBLIOGRAPHIC CONTROL AND CODING DETAIL [OBSOLETE] | |
| Level of rules in bibliographic description | 201801081105 |
| Level of effort used to assign nonsubject heading access points | maulidiah |
| 040 ## - CATALOGING SOURCE | |
| Original cataloging agency | PNM |
| Language of cataloging | eng |
| Transcribing agency | PNM |
| Modifying agency | PPAK |
| Description conventions | rda |
| 043 ## - GEOGRAPHIC AREA CODE | |
| Geographic area code | a-my--- |
| 049 ## - LOCAL HOLDINGS (OCLC) | |
| Holding library | malpma |
| 082 04 - DEWEY DECIMAL CLASSIFICATION NUMBER | |
| Classification number | 390.4633 |
| Edition number | 23 |
| 090 00 - LOCALLY ASSIGNED LC-TYPE CALL NUMBER (OCLC); LOCAL CALL NUMBER (RLIN) | |
| Classification number (OCLC) (R) ; Classification number, CALL (RLIN) (NR) | 390.4633 |
| Feature heading | AMA |
| Feature heading | KAO |
| 100 0# - MAIN ENTRY--PERSONAL NAME | |
| Personal name | Amat Juhari Moain, |
| Dates associated with a name | 1940- |
| Relator term | author. |
| 245 10 - TITLE STATEMENT | |
| Title | KEPERCAYAAN ORANG MELAYU BERHUBUNG DENGAN PERTANIAN / |
| Statement of responsibility, etc. | Amat Juhari Moain |
| 264 #1 - PRODUCTION, PUBLICATION, DISTRIBUTION, MANUFACTURE, AND COPYRIGHT NOTICE | |
| Place of production, publication, distribution, manufacture | Kuala Lumpur : |
| Name of producer, publisher, distributor, manufacturer | Dewan Bahasa dan Pustaka, |
| Date of production, publication, distribution, manufacture, or copyright notice | 1990 |
| Date of production, publication, distribution, manufacture, or copyright notice | ©1990 |
| 300 ## - PHYSICAL DESCRIPTION | |
| Extent | x, 155 pages ; |
| Dimensions | 22 cm |
| 336 ## - CONTENT TYPE | |
| Source | rdacontent |
| Content type term | text |
| 337 ## - MEDIA TYPE | |
| Source | rdamedia |
| Media type term | unmediated |
| 338 ## - CARRIER TYPE | |
| Source | rdacarrier |
| Carrier type term | volume |
| 500 ## - GENERAL NOTE | |
| General note | Includes index. |
| 504 ## - BIBLIOGRAPHY, ETC. NOTE | |
| Bibliography, etc. note | Bibliography : pages 141-149. |
| 650 10 - SUBJECT ADDED ENTRY--TOPICAL TERM | |
| Topical term or geographic name entry element | Malays (Asian people) |
| General subdivision | Social life and customs |
| Topical term or geographic name entry element | Rice planting rites |
| Geographic subdivision | Malaysia |
| Topical term or geographic name entry element | Malays (Asian people) |
| General subdivision | Rites and ceremonies |
| 942 ## - ADDED ENTRY ELEMENTS (KOHA) | |
| Source of classification or shelving scheme | Dewey Decimal Classification |
| Koha item type | Book |
| 949 ## - LOCAL PROCESSING INFORMATION (OCLC) | |
| 6 | 2000161374 |
| a | 390.4633 ama m |
| 6 | 2000202808 |
| 6 | 2000203136 |
| 6 | 2000804814 |
| e | 570753 |
| 6 | 2000804815 |
| e | 570750 |
| 6 | 2000804816 |
| e | 570748 |
| 6 | 2000804817 |
| e | 570751 |
| 6 | 2000804818 |
| e | 570752 |
| 6 | 2000804819 |
| e | 570754 |
| 6 | 2000804820 |
| e | 570743 |
| a | AR 0341 AMA KP |
| Withdrawn | Not for loan | Current library | Shelving location | Date acquired | Total Checkouts | Full call number | Barcode | Date last seen | Koha item type |
|---|---|---|---|---|---|---|---|---|---|
| Not For Loan | Perpustakaan Jitra | Koleksi Asmah Haji Omar | 03/08/2021 | KAO 390.4633 AMA | KAO000023 | 03/08/2021 | Book |